• 首页
  • 本馆介绍
  • 公告通知
  • 最新文献
  • 馆藏检索
  • 电子资源
  • 读者导购
  • 参考咨询
  • 我的图书馆
  • 登录
  • 详细信息显示
  • 放入我的书架
  • 预约/预借图书
  • 作者相关作品
  • 分类相关作品
  • 丛书相关作品
  • 出版社相关作品

书目信息

  • 表格格式
  • 工作单格式
  • 卡片格式
题名:
大学生媒介文化素养概论
    
 
作者: 于翠玲 , 刘斌 主编
分册:  
出版信息: 北京   北京师范大学出版社  2016
页数: 374页
开本: 24cm
丛书名: 大学通识书系
单 册:
中图分类: G206.2 , G640
科图分类:
主题词: 传播媒介--chuan bo mei jie--高等学校--教材
电子资源:
ISBN: 978-7-303-20610-0
000 01046cam 2200301 450
001 012001001055
005 20131025184410.0
010    @a978-7-303-20610-0@dCNY39.00
099    @aCAL 012016137835
100    @a20161101d2016 em y0chiy50 ea
101 0  @achi
102    @aCN@b110000
105    @aa a 000yy
106    @ar
200 1  @a大学生媒介文化素养概论@Ada xue sheng mei jie wen hua su yang gai lun@f于翠玲, 刘斌主编
210    @a北京@c北京师范大学出版社@d2016
215    @a374页@c图@d24cm
225 2  @a大学通识书系@Ada xue tong shi shu xi
320    @a有书目
330    @a本书涉及对书籍、报纸、杂志、广播电视、电影、互联网、手机新媒介等媒体的阐述, 也有对媒介与经济、媒介与政治、媒介与文化、媒介与国际传播、媒介与传播规范等问题的分析。
410  0 @12001 @a大学通识书系
606 0  @a传播媒介@Achuan bo mei jie@x高等学校@j教材
690    @aG206.2@v5
690    @aG640@v5
701  0 @a于翠玲@Ayu cui ling@4主编
701  0 @a刘斌@Aliu bin@4主编
801  2 @aCN@b上海新华@c20191020
905    @b1222365-8@dG206.2@e893@f4
    
    大学生媒介文化素养概论/于翠玲, 刘斌主编.-北京:北京师范大学出版社,2016
    374页:图;24cm.-(大学通识书系)
    
    
    ISBN 978-7-303-20610-0:CNY39.00
    本书涉及对书籍、报纸、杂志、广播电视、电影、互联网、手机新媒介等媒体的阐述, 也有对媒介与经济、媒介与政治、媒介与文化、媒介与国际传播、媒介与传播规范等问题的分析。
●
相关链接 在E读中查询图书 在五车中查询图书 在当当中查询图书 在豆瓣中查询图书


正题名:大学生媒介文化素养概论     索取号:G206.2/893         预约/预借

序号 登录号 条形码 馆藏地/架位号 状态 备注
1 1222365   212223654   第一样本阅览室/ [索取号:G206.2/893] 在馆    
2 1222366   212223663   教育系资料室/ [索取号:G206.2/893] 在馆    
3 1222367   212223672   教育系资料室/ [索取号:G206.2/893] 在馆    
4 1222368   212223681   第四借阅区/ [索取号:G206.2/893] 在馆    
唐山师范学院图书馆 欢迎您!
大连网信软件有限公司© 版权所有